000 00542nam a2200181Ia 4500
005 20250508155540.0
008 008 250505s9999 xx 000 0 eng d
037 _aBooks to be hide in OPAC
040 _aFEDL
_beng
_cFEDL
041 _aeng
_2eng
084 _a664.3, IND/O
_qFEDL
100 _aKehar N D
_9767101
245 0 _aStudies on fats, oils and vanaspatis
260 _aNew Delhi, India
_bIndian Council of Agricultural Research
_c1956
300 _a117p.
942 _cHB
_h664.3, IND/O
999 _c1357640
_d1357640